1363 1600 1593 1299 1208 1275 1686 1465 1615 1771 1294 1407 1856 1920 1663 1596 1181 1617 1529 1703 1998 1393 1504 1904 1510 1759 1508 1409 1320 1303 1368 1008 1094 1324 1542 1361 1006 1222 1612 1630 1800 1926 1554 1672 1664 1857 1873 1583 1490 1591 1935 1572 1706 1452 1919 1439 1469 1026 1700 1898 1673 1397 1619 1513 1887 1141 1056 1762 1507 1079 1295 1144 1884 1788 1869 1948 1440 1087 1323 1169 1705 1030 1023 1523 1006 1957 1121 1066 1271 1588 1540 1683 1880 1040 1370 1413 1520 1837 1236 BCNSPRNW ULIB Ver.6.0+V

เปลี่ยนเป็นภาษาไทย

Change to English
 แสดงรายละเอียดบรรณานุกรม
  กลับหน้าหลัก

Brief Record : Get Marc (ISO 2709) : E-mail record : QR code < ปิดหน้าต่าง
LEADER : 00000nam 2200000uu 4500
001    13399124775
003     ULIB
008    160316s2558||||th 000 0 tha d
060  4 ^aQV38^bค161
110 1  ^aคณะกรรมการ เภสัชกรรมและการบำบัด โรงพยาบาลสวรรค์ประชารักษ์
245 00 ^aคู่มือการใช้ยา ที่มีความเสี่ยงสูง/^cคณะกรรมการ เภสัชกรรมและการบำบัด โรงพยาบาลสวรรค์ประชารักษ์
246 0  ^aHigh alert medications
260    ^aนครสวรรค์: ^bโรงพยาบาลสวรรค์ประชารักษ์ นครสวรรค์,^c2558
300    ^a79 หน้า
650  7 ^aยาที่มีความเสี่ยงสูง
650  7 ^aHigh alert medications
710 1  ^aคณะกรรมการ เภสัชกรรมและการบำบัด โรงพยาบาลสวรรค์ประชารักษ์
945    ^p0^l0^i23286
945    ^p0^l0^i23287
945    ^p0^l0^i23288
999    ^aทศพร เกษรทอง
รายการนี้ยังไม่มีแท็ก
คุณยังไม่ได้ล็อกอิน คุณสามารถมีกิจกรรมร่วมกับเว็บไซต์ได้ แต่ต้องล็อกอินก่อน ::
  ล็อกอิน

รายการสื่อสารสนเทศ

ลำดับที่ ประเภท เลขเรียก/บาร์โค้ด สถานที่ สถานะ
1. วิทยาศาสตร์การแพทย์ และสุขภาพ
วิทยาศาสตร์การแพทย์ และสุขภาพ
สถานะ=หนังสือเก่า
QV38 ค161 ฉ.1 
  Barcode: 23286
ห้องสมุดวิทยาเขตนครสวรรค์
►ส่วนจัดเก็บหนังสือเก่า นว.
บนชั้น
  ขอยืม
2. วิทยาศาสตร์การแพทย์ และสุขภาพ
วิทยาศาสตร์การแพทย์ และสุขภาพ
สถานะ=หนังสือเก่า
QV38 ค161 ฉ.2 
  Barcode: 23287
ห้องสมุดวิทยาเขตนครสวรรค์
►ส่วนจัดเก็บหนังสือเก่า นว.
บนชั้น
  ขอยืม
3. วิทยาศาสตร์การแพทย์ และสุขภาพ
วิทยาศาสตร์การแพทย์ และสุขภาพ
สถานะ=หนังสือเก่า
QV38 ค161 ฉ.3 
  Barcode: 23288
ห้องสมุดวิทยาเขตนครสวรรค์
►ส่วนจัดเก็บหนังสือเก่า นว.
บนชั้น
  ขอยืม

รายการใกล้เคียง
    หัวเรื่อง [ยาที่มีความเสี่ยงสูง]
    หัวเรื่อง [High alert medications]

BibComment


ยังไม่เคยถูกคอมเมนท์

คอมเมนท์ทรัพยากรรายการนี้
  คอมเมนท์: คู่มือการใช้ยา ท..


 Copyright 2026. Bcnsprnw @Library